Artificial Intelligence and machine learning: (Record no. 196963)

MARC details
000 -LEADER
fixed length control field 00546nam a22001817a 4500
005 - DATE AND TIME OF LATEST TRANSACTION
control field 20230810121520.0
010 ## - LCCN (DPL NO)
LC control number ENG-137761
020 ## - INTERNATIONAL STANDARD BOOK NUMBER
International Standard Book Number 9789395422970
Terms of availability 895.00
035 ## - SYSTEM CONTROL NUMBER
System control number EN-121292
037 ## - SOURCE OF ACQUISITION
Source of stock number/acquisition DBAD
082 ## - DEWEY DECIMAL CLASSIFICATION NUMBER
Classification number 600
100 ## - MAIN ENTRY--PERSONAL NAME
Personal name Rajasekar Janani
245 ## - TITLE STATEMENT
Title Artificial Intelligence and machine learning:
Statement of responsibility, etc Janani Rajasekar...[et.al]
260 ## - PUBLICATION, DISTRIBUTION, ETC. (IMPRINT)
Place of publication, distribution, etc vasantha nagara ,madhurai-625003
Name of publisher, distributor, etc Shanlax Publication
Date of publication, distribution, etc 2022
300 ## - PHYSICAL DESCRIPTION
Extent 241p.
Dimensions 24cm(Pbk)
700 ## - ADDED ENTRY--PERSONAL NAME
Personal name Rajasekar, Janani
942 ## - ADDED ENTRY ELEMENTS (KOHA)
Source of classification or shelving scheme Dewey Decimal Classification
Item type English Books
Classification part 600
Call number suffix IND
Call number prefix RAJ

No items available.


© Delhi Public Library
Hit Counter
free hit counter